MARC details
| 000 -LEADER |
| fixed length control field |
01282cam a2200205 a 4500 |
| 001 - CONTROL NUMBER |
| control field |
3215803 |
| 003 - CONTROL NUMBER IDENTIFIER |
| control field |
OSt |
| 005 - DATE AND TIME OF LATEST TRANSACTION |
| control field |
20151013103020.0 |
| 008 - FIXED-LENGTH DATA ELEMENTS--GENERAL INFORMATION |
| fixed length control field |
780718m19779999mdua b 001 0 eng |
| 040 ## - CATALOGING SOURCE |
| Original cataloging agency |
SEKU |
| 050 00 - LIBRARY OF CONGRESS CALL NUMBER |
| Classification number |
QP6 |
| Item number |
.H25 1977 |
| 130 0# - MAIN ENTRY--UNIFORM TITLE |
| Uniform title |
Handbook of physiology (Bethesda, Md.) |
| 245 10 - TITLE STATEMENT |
| Title |
Handbook of physiology : |
| Remainder of title |
a critical, comprehensive presentation of physiological knowledge and concepts. |
| 260 ## - PUBLICATION, DISTRIBUTION, ETC. (IMPRINT) |
| Place of publication, distribution, etc. |
Bethesda, Md. : |
| Name of publisher, distributor, etc. |
American Physiological Society ; |
| Place of publication, distribution, etc. |
Baltimore : |
| Name of publisher, distributor, etc. |
Distributed by Williams & Wilkins, |
| Date of publication, distribution, etc. |
c1977-<1999 > |
| 300 ## - PHYSICAL DESCRIPTION |
| Extent |
<v. 1-4, 6, 7, pts. 1&5, 8, 11, 13-14; in 28 > : |
| Other physical details |
ill. ; |
| 504 ## - BIBLIOGRAPHY, ETC. NOTE |
| Bibliography, etc |
Includes bibliographical references |
| 505 1# - FORMATTED CONTENTS NOTE |
| Formatted contents note |
section 1. The Nervous system (5 v. in 9) -- section 2. The Cardiovascular system (4 v. in 6) -- section 3. The Respiratory system (4 v. in 6) -- section 7: The endocrine system (v. 1). Cellular endocrinology / edited by P. Michael Conn -- (v. 5). Hormonal control of growth / editor Jack L. Kostyo -- section 8. Renal physiology (2 v.) -- section 11. Aging / edited by Edward J. Masoro -- section 13. Comparative physiology (2 v.) / edited by William H. Dantzler -- section 14. Cell physiology / edited by Joseph F. Hoffman, James D. Jamieson. |
| 650 #0 - SUBJECT ADDED ENTRY--TOPICAL TERM |
| Topical term or geographic name as entry element |
Physiology. |
| 942 ## - ADDED ENTRY ELEMENTS (KOHA) |
| Source of classification or shelving scheme |
Library of Congress Classification |
| Koha item type |
General circulation |